000 00925nam a2200289 a 4500
008
020 _a9781416033684 (hardback)
040 _aNUST
_cNUST
049 _aMAIN
090 _aRD521
_bATL
245 1 0 _aAtlas of head and surgery/
_cedited by James I Cohen & Gary L Chapman.
260 _aPhiladelphia, PA :
_bElsevier/Saunders,
_c2011.
300 _axx, 616 pages :
_billustrations ;
_c29 cm.
336 _atext
_btxt
_2rdacontent
337 _aunmediated
_bn
_2rdamedia
338 _avolume
_bnc
_2rdacarrier
500 _aIncludes index.
504 _aIncludes bibliographical references.
650 1 _aHead
_xSurgery
_vAtlases.
650 _aNeck
_xSurgery
_vAtlases.
700 _aCohen, James I.,
_aeditor.
700 _aChapman, Gary L.,
_aeditor.
907 _a.b10411264
_b18-10-21
_c18-10-21
003
005 20230120204329.0
942 _cBOOKS
_kRD521
_mATL
999 _c121297
_d121297